Catálogo público

Guide to the insects of Connecticut / (Record no. 205083)

MARC details
000 -CABECERA
campo de control de longitud fija 01171nam a2200301Ia 4500
001 - NÚMERO DE CONTROL
campo de control Para_6371
003 - IDENTIFICADOR DEL NÚMERO DE CONTROL
campo de control CHAP
008 - DATOS DE LONGITUD FIJA--INFORMACIÓN GENERAL
campo de control de longitud fija 220125s1911 xx 000 0 und d
010 ## - NÚMERO DE CONTROL DE LA BIBLIOTECA DEL CONGRESO
Número de control de LC 205083
040 ## - FUENTE DE LA CATALOGACIÓN
Centro/agencia transcriptor CHAP
082 ## - NÚMERO DE LA CLASIFICACIÓN DECIMAL DEWEY
Número de clasificación PA-C 595.726 G85
245 ## - MENCIÓN DE TÍTULO
Título Guide to the insects of Connecticut /
Mención de responsabilidad, etc. by Prepared ander the direction of wilton Everett Britton - (M /
-- BAJA)
260 ## - PUBLICACIÓN, DISTRIBUCIÓN, ETC.
Lugar de publicación, distribución, etc. Hartford, Conn :
Nombre del editor, distribuidor, etc. State Geological and Natural History Survey of Connecticut
300 ## - DESCRIPCIÓN FÍSICA
Extensión 3v. + láms
440 ## - MENCIÓN DE SERIE/PUNTO DE ACCESO ADICIONAL--TÍTULO
Título Conn. State Geological and Natural History Survey Bulletin; 16
9 (RLIN) 171028
505 ## - NOTA DE CONTENIDO CON FORMATO
Nota de contenido con formato Contenido: Pte. 1. General introduction - Pte. 2. The euplexoptera and orthoptera of Connecticut - Pte. 3. The hymenoptera, or wasp - like insects of Connecticut - Pte. 4. The hemiptera or sucking
650 ## - PUNTO DE ACCESO ADICIONAL DE MATERIA--TÉRMINO DE MATERIA
Término de materia o nombre geográfico como elemento de entrada Hemipteros
Subdivisión general Connecticut
9 (RLIN) 171029
650 ## - PUNTO DE ACCESO ADICIONAL DE MATERIA--TÉRMINO DE MATERIA
Término de materia o nombre geográfico como elemento de entrada Himenopteros
Subdivisión general Connecticut
9 (RLIN) 171030
650 ## - PUNTO DE ACCESO ADICIONAL DE MATERIA--TÉRMINO DE MATERIA
Término de materia o nombre geográfico como elemento de entrada Ortopteros
9 (RLIN) 84147
700 ## - PUNTO DE ACCESO ADICIONAL--NOMBRE DE PERSONA
Nombre de persona Britton, Wilton Everett
9 (RLIN) 15462
901 ## - ELEMENTOS DE DATOS A LOCAL LDA (RLIN)
a PA-C 595.726 G85
902 ## - ELEMENTOS DE DATOS B LOCAL, LDB (RLIN)
a M
905 ## - ELEMENTOS DE DATOS E LOCAL, LDE (RLIN)
a 0000001911 0000000000 00
910 ## - DATOS DE OPCIÓN DEL USUARIO (OCLC)
Datos de opción del usuario 1911
942 ## - ELEMENTOS DE PUNTO DE ACCESO ADICIONAL (KOHA)
Tipo de ítem Koha Parasitologia_
942 ## - ELEMENTOS DE PUNTO DE ACCESO ADICIONAL (KOHA)
Tipo de ítem Koha Parasitologia_
-- 1
Holdings
Estado de retiro Estado de pérdida Fuente del sistema de clasificación o colocación Estado dañado Restricciones de uso No para préstamo Código de colección Localización permanente Ubicación/localización actual Ubicación en estantería Fecha de adquisición Información codificada de la localización en otra ubicación Enumeración/cronología de publicación seriada Total de préstamos Código de barras Fecha visto por última vez Precio válido a partir de Tipo de ítem Koha Nota pública
    Dewey Decimal Classification   Préstamo interno   Consulta Parasitologia Agricola Parasitologia Agricola   27/10/2005 PARA Volumen: 3   PA_3683 25/01/2022 25/01/2022 Libro 3
    Dewey Decimal Classification   Préstamo interno   Consulta Parasitologia Agricola Parasitologia Agricola   27/10/2005 PARA Volumen: 1   PA_3681 25/01/2022 25/01/2022 Libro 3
    Dewey Decimal Classification   Préstamo interno   Consulta Parasitologia Agricola Parasitologia Agricola   27/10/2005 PARA Volumen: 2   PA_3682 25/01/2022 25/01/2022 Libro 3